We would see Jesus. (Record no. 8744)

000 -LEADER
fixed length control field 00789nam a2200217 a 4500
001 - CONTROL NUMBER
control field :::00006522$&:&@@
003 - CONTROL NUMBER IDENTIFIER
control field OkBaRHE
005 - DATE AND TIME OF LATEST TRANSACTION
control field 20000607103331.0
008 - FIXED-LENGTH DATA ELEMENTS--GENERAL INFORMATION
fixed length control field s1984 j 000 0 eng u
040 ## - CATALOGING SOURCE
Transcribing agency
100 1# - MAIN ENTRY--PERSONAL NAME
Personal name Hession, Roy.
245 10 - TITLE STATEMENT
Title We would see Jesus.
260 ## - PUBLICATION, DISTRIBUTION, ETC. (IMPRINT)
Place of publication, distribution, etc Fort Washington, PA., :
Name of publisher, distributor, etc Christian Literature Crusade
Date of publication, distribution, etc 1984
300 ## - PHYSICAL DESCRIPTION
Extent 96 p. ;
Dimensions 19 cm.
650 ## - SUBJECT ADDED ENTRY--TOPICAL TERM
Topical term or geographic name as entry element Jesus Christ
General subdivision Person and Offices
700 ## - ADDED ENTRY--PERSONAL NAME
Personal name Hession, Revel.
942 ## - ADDED ENTRY ELEMENTS (KOHA)
Source of classification or shelving scheme
Koha item type Books
Copies
Not for loan Koha item type Date last seen Shelving location Withdrawn status Damaged status Date acquired Permanent Location Lost status Full call number Barcode Price effective from Copy number Source of classification or shelving scheme
 Books2010-04-14General Stacks  2010-04-14RHEMA Bible Training College BV 202 .H4265222010-04-141 
 Books2010-04-14General Stacks  2010-04-14RHEMA Bible Training College BV 202 .H42153052010-04-142 
 Books2010-04-14General Stacks  2010-04-14RHEMA Bible Training College BV 202 .H42153062010-04-143